| 000 | 00423nam a2200169Ia 4500 | ||
|---|---|---|---|
| 003 | GCL | ||
| 008 | 140319s9999 xx 000 0 eng d | ||
| 040 |
_aGCL / _cGCL |
||
| 082 | 0 | 4 |
_a301 _bH T |
| 100 | 1 | _aHEILBRAN, JOHAN | |
| 245 | 1 | 0 |
_aTHE RISE OF SOCIAL THEORY / _cHEILBRAN, JOHAN |
| 260 |
_a[S.N] : _bPOLITY PRESS ، _c1995 |
||
| 300 | _a316 P | ||
| 650 | 0 | 4 | _aSOCIOLOGY |
| 650 | 0 | 4 | _aSOCIAL SCIENCE |
| 942 |
_2ddc _cBK |
||
| 999 |
_c10274 _d10274 |
||